Študijný program Cudzie jazyky a interkultúrna komunikácia ako príspevok k inovácii obsahu ekonomického vzdelávania na EU v Bratislave

Autorky predstavujú nový celouniverzitný študijný program Cudzie jazyky a interkultúrna komunikácia, ktorý prispeje k inovácii a diverzifikácii študijných programov na EU v Bratislave. Predmety zamerané na rozvíjanie interkultúrnej komunikácie sa budú vyučovať súčasne s predmetmi z oblasti ekonomick...

ver descrição completa

Na minha lista:
Detalhes bibliográficos
Autor principal: Bocková, Viera
Outros Autores: Hrivíková, Tatiana, 1959-
Formato: Capítulo de Livro
Idioma:eslovaco
Assuntos:
Tags: Adicionar Tag
Sem tags, seja o primeiro a adicionar uma tag!

MARC

LEADER 00000nla$a2200000$$$4500
001 0104993
005 20240502072144.4
041 0 |a slo 
044 |a SK 
245 1 0 |a Študijný program Cudzie jazyky a interkultúrna komunikácia ako príspevok k inovácii obsahu ekonomického vzdelávania na EU v Bratislave  |c Viera Bocková, Tatiana Hrivíková 
520 |a Autorky predstavujú nový celouniverzitný študijný program Cudzie jazyky a interkultúrna komunikácia, ktorý prispeje k inovácii a diverzifikácii študijných programov na EU v Bratislave. Predmety zamerané na rozvíjanie interkultúrnej komunikácie sa budú vyučovať súčasne s predmetmi z oblasti ekonomických, spoločenských a právnických vied. Nový študijný program je dobrým príkladom aplikácie multidisciplinárneho prístupu k príprave študentov na ich pôsobenie na medzinárodnom trhu práce. 
610 2 0 |a jazyky cudzie 
610 2 0 |a programy študijné 
610 2 0 |a komunikácia multikultúrna 
100 1 |a Bocková, Viera 
700 1 |a Hrivíková, Tatiana, 1959-